Higher Education: the lessons of experience
محفوظ في:
| التنسيق: | كتاب |
|---|---|
| اللغة: | الإنجليزية |
| منشور في: |
Washington, D.C
The World Bank
1994
|
| الموضوعات: | |
| الوسوم: |
إضافة وسم
لا توجد وسوم, كن أول من يضع وسما على هذه التسجيلة!
|
MARC
| LEADER | 00000cam a2200000 a 4500 | ||
|---|---|---|---|
| 001 | UCG9436 | ||
| 003 | CL-VaPUC | ||
| 008 | 120316e19940000US |||||||||||||||||eng|d | ||
| 020 | |a 0821327453 | ||
| 082 | 0 | 4 | |a 378.02 |b HIG |2 21 |
| 245 | 1 | 0 | |a Higher Education: the lessons of experience |
| 300 | |a 105 p | ||
| 942 | |c BK | ||
| 945 | |d 20120316 00:00:00 |a dcastane | ||
| 260 | |a Washington, D.C |b The World Bank |c 1994 | ||
| 650 | 0 | |a Educación superior |9 223851 | |
| 650 | 0 | |a Aspectos económicos |9 255165 | |
| 583 | |a last modification |c 20120316 11:38:00 |k Rodrigo Vera | ||
| 999 | |c 346990 |d 346988 | ||
| 952 | |0 0 |1 0 |4 0 |6 378_020000000000000_HIG_1994 |7 0 |8 ED_SUP |9 448044 |a BIBGIM |b BIBGIM |c S_PSTGRDO |d 2019-11-22 |i 4835522 |o 378.02 HIG 1994 |p 4835522 |r 2025-01-15 |w 2019-11-22 |y BK |k ESU | ||